ELCINA directory of Indian electronic industry 2015.

Bibliographic Details
Format: Book
Published: New Delhi: ELCINA Electronic Industries Association of India, 2015.
Edition:28th ed..
Subjects:
LEADER 00452cam a2200133 7i4500
001 0000032713
005 20150907090000.0
090 0 0 |a INDA 629.1025   |b ELC 
245 0 0 |a ELCINA directory of Indian electronic industry 2015. 
250 0 0 |a 28th ed.. 
260 0 0 |a New Delhi:   |b ELCINA Electronic Industries Association of India,   |c 2015. 
300 # # |a 150 pages. 
650 0 0 |a Electronic industry --   |z India  
999 |a B000036717  |b Directories  |c Countries  |e Business Information Centre